Every EF5 Tornado Ever Recorded - Statistics

General Stats
  • This quiz has been taken 78 times
  • The average score is 8 of 10
Answer Stats
Date Recorded State Location / Name % Correct
May 24, 2011 Oklahoma El Reno / Piedmont
97%
May 22, 2011 Missouri Joplin
92%
May 20, 2013 Oklahoma Newcastle / Moore
88%
Jun 20, 2025 North Dakota Enderlin
80%
May 4, 2007 Kansas Greensburg
80%
May 25, 2008 Iowa Parkersburg
73%
Apr 27, 2011 Mississippi Smithville
68%
Apr 27, 2011 Alabama Rainsville
67%
Apr 27, 2011 Alabama Hackleburg / Phil Campbell
65%
Apr 27, 2011 Mississippi Philadelphia
57%
No matching quizzes found
Score Distribution
Percent of People with Each Score
Percentile by Number Answered
Your Score History
You have not taken this quiz